Souvenir-cum-commemoration volume: (Record no. 87240)

MARC details
000 -LEADER
fixed length control field 00923cam a2200265 4500
001 - CONTROL NUMBER
control field sa 68016667
003 - CONTROL NUMBER IDENTIFIER
control field DLC
005 - DATE AND TIME OF LATEST TRANSACTION
control field 20260227112656.0
008 - FIXED-LENGTH DATA ELEMENTS--GENERAL INFORMATION
fixed length control field 710414s1967 ii a 01000 eng
010 ## - LIBRARY OF CONGRESS CONTROL NUMBER
LC control number sa 68016667 //r87
025 ## - OVERSEAS ACQUISITION NUMBER
Overseas acquisition number PL480:I-E-10921
041 0# - LANGUAGE CODE
Language code of text/sound track or separate title enghinpun
050 0# - LIBRARY OF CONGRESS CALL NUMBER
Classification number BL2017.9.G6
Item number S68
245 00 - TITLE STATEMENT
Title Souvenir-cum-commemoration volume:
Remainder of title Guru Gobind Singh.
260 0# - PUBLICATION, DISTRIBUTION, ETC.
Place of publication, distribution, etc. Patna
Name of publisher, distributor, etc. [Sri Guru Gobind Singh] Third Birth Centenary Celebration Committee
Date of publication, distribution, etc. [1967]
300 ## - PHYSICAL DESCRIPTION
Extent 1 v. (various pagings)
Other physical details illus. (part col.)
Dimensions 28 cm.
350 ## - PRICE (NR) (BK AM CF MU VM SE) [OBSOLETE]
Price 10.00
500 ## - GENERAL NOTE
General note Cover title: Guru Gobind Singh 300th birthday souvenir.
500 ## - GENERAL NOTE
General note Edited and compiled by Satbir Singh.
500 ## - GENERAL NOTE
General note English, Hindi, or Panjabi.
600 00 - SUBJECT ADDED ENTRY--PERSONAL NAME
Personal name Gobind Singh,
Titles and other words associated with a name Guru,
Dates associated with a name 1666-1708.
700 00 - ADDED ENTRY--PERSONAL NAME
Personal name Gobind Singh,
Titles and other words associated with a name Guru,
Dates associated with a name 1666-1708.
700 00 - ADDED ENTRY--PERSONAL NAME
Personal name Satbir Singh,
Relator term ed.
740 #1 - ADDED ENTRY--UNCONTROLLED RELATED/ANALYTICAL TITLE
Uncontrolled related/analytical title Guru Gobind Singh 300th birthday souvenir.

No items available.

Powered by Koha